"Weird Al" Yankovic - Finish the Lyrics - Easy - Statistics

General Stats
  • This quiz has been taken 32 times
  • The average score is 10 of 20
Answer Stats
Song Lyrics Asnswer % Correct
Eat It Have some more chicken, have some more pie / It doesn't matter if it's boiled or _____ Fried
96%
White & Nerdy They see me mowin' / My front _____ Lawn
96%
Amish Paradise As I walk through the valley where I harvest my grain / I take a look at my wife and realize she's very _____ Plain
96%
Like a Surgeon Hey, like a surgeon / Cuttin' for the very first _____ Time
89%
Party In the CIA Those men in black with their matching suitcases / Where everything's on a need-to-know _____ Basis
81%
Smells Like Nirvana What is this song all about? / Can't figure any lyrics _____ Out
74%
I Love Rocky Road Baby, I love rocky road / So, weren't you gonna buy half a gallon, _____? Baby
63%
Fat The pavement cracks when I fall down / I've got more chins than _____ Chinatown
59%
The Saga Begins Oh my, my this here Anakin _____ Guy
59%
Word Crimes If you can't write in the proper way / If you don't know how to _____ Conjugate
37%
Canadian Idiot Don't wanna be a Canadian idiot / Don't wanna be some beer-swillin' hockey _____ Nut
37%
Dare to Be Stupid Put down that chainsaw and listen to me / It's time for us to join in the _____ Fight
33%
Tacky It might seem crazy, wearing stripes and _____ Plaid
33%
Gump Gump sat alone on a bench in the park / "My name is Forrest", he'd casually _____ Remark
33%
eBay Tell me why I need another pet rock / Tell me why I got that elf alarm clock / Tell me why I bid on Shatner's old _____ Toupee
33%
Another One Rides the Bus Ridin' in the bus down the boulevards / And the place was pretty _____ Packed
30%
The Night Santa Went Crazy The night Santa went crazy / The night St. Nick went _____ Insane
22%
UHF Put down your remote control, throw out your TV Guide / Put away your jacket, there's no need to go _____ Outside
22%
Pretty Fly For a Rabbi Our temple's had a fair share of rabbis in the _____ Past
15%
Bedrock Anthem Barney Rubble, laughin' like a hyena / Barney Rubble, what a little _____! Wiener
7%
No matching quizzes found
Score Distribution
Percent of People with Each Score
Percentile by Number Answered
Your Score History
You have not taken this quiz